000 00312nam a2200145Ia 4500
001 R-1162
003 CODICE-MESSINA
005 20260212102447.0
008 260211s9999 xx 000 0 und d
040 _cimportazione_messina
100 _aKirst
245 0 _aOggi
260 _bGarzanti
942 _2ddc
_cBK
999 _c27660
_d27660